| 000 | 00457nab a22001457 4500 | ||
|---|---|---|---|
| 003 | ES-SlBCS | ||
| 005 | 20240703092549.0 | ||
| 008 | 240702s2023 sp ||||| |||| 00| 0 spa d | ||
| 040 |
_aES-SlBCS _bspa |
||
| 041 | _aspa | ||
| 100 | 1 |
_aGonzález Radío, Vicente _969793 |
|
| 245 | 1 | 0 |
_aÉtica: la cancelación como forma de vida _cVicente González Radío |
| 773 | 0 |
_gNúm. 36, 2023, págs. 629-655 _tEstudios Mindonienses _wRev196 _x0213-4357 |
|
| 942 |
_2lcc _cAR |
||
| 999 |
_c896816 _d896816 |
||